000
00355nam a2200133Ia 4500
008
151001s9999||||xx |||||||||||||| ||und||
100
_a
कुश्नचंदर
245
_a
फिर वही चाह
250
_a
1
260
_b
युग चेतना साहित्य
260
_c
2002
300
_a
79
365
_b
21
999
_c
979458
_d
979455